00409nam a2200145Ia 4500003000900000005001700009008004100026040003300067041000800100080001200108100001900120245006700139260003000206300002700236LK-CoDNM20240910104036.0010623t1883 xxu||||| |||| 00| 1 eng d aLK-CoDNMdLK-CoDNMeLK-CoDNM aeng a6 bD20 aFerguson, John aCeylon in 1883 :The Leading Crown Colony of the British Empire bSampson lawaLondonc1883 bx, 283p. : ill ; 20 cm